Sociálna mobilita v Latinskej Amerike a Karibiku
Pojem sociálna mobilita. Faktory vplývajúce na sociálnu mobilitu. Príjmová nerovnosť v Latinskej Amerike a Karibiku. Sociálna mobilita v Latinskej Amerike. Závislosť príjmov detí od príjmov rodičov vo vybraných krajinách. Korelácia medzi vzdelaním rodičov a detí. Vzťah sociálnej mobility a príjmovej...
Salvato in:
| Autore principale: | |
|---|---|
| Natura: | Capitolo di libro |
| Lingua: | slovacco |
| Soggetti: | |
| Tags: |
Nessun Tag, puoi essere il primo ad aggiungerne!!
|
MARC
| LEADER | 00000nla a2200000 4500 | ||
|---|---|---|---|
| 001 | 0241523 | ||
| 005 | 20240502073931.8 | ||
| 041 | 0 | |a slo | |
| 044 | |a SK | ||
| 245 | 1 | 0 | |a Sociálna mobilita v Latinskej Amerike a Karibiku |c Barbora Janubová |
| 520 | |a Pojem sociálna mobilita. Faktory vplývajúce na sociálnu mobilitu. Príjmová nerovnosť v Latinskej Amerike a Karibiku. Sociálna mobilita v Latinskej Amerike. Závislosť príjmov detí od príjmov rodičov vo vybraných krajinách. Korelácia medzi vzdelaním rodičov a detí. Vzťah sociálnej mobility a príjmovej nerovnosti v Latinskej Amerike a Karibiku. | ||
| 610 | 2 | 0 | |a mobilita sociálna |
| 610 | 2 | 0 | |a príjmy |
| 610 | 2 | 0 | |a vzdelanie |
| 610 | 2 | 0 | |a nerovnosť príjmová |
| 610 | 2 | 0 | |a Latinská Amerika |
| 610 | 2 | 0 | |a Karibská oblasť |
| 100 | 1 | |a Janubová, Barbora, 1991- | |